00471 2200181 4500001002100000005001500021008004100036035002500077041000800102082000800110090000800118100001300126245004200139250002800181260002700209300003200236650002100268INLIS00000000002028320130516061339 ind  a0010-051300000020283 aind a410 a410 aMarsono, aMetode Kata Kunci Bagi Aksarawan Baru aVolume : 7; Cetakan : 1 aSemarangbBPPLSPc2006 aii, 10 hlm. : ilus. ;19 cm. aBahasa Indonesia